00340pab a2200109 454500008004000000100001600040245012100056260000900177300001500186650001400201773001500215180718b2012 xxu||||| |||| 00| 0 eng d aLudlow, Amy aContestability and competition in action: Restructuring the prison sector to achieve workforce and industrial change c2012 ap.508-526. aPrisoners aPublic Law